Memoria sobre el estado del Instituto Provincial de 2ª. Enseñanza de Navarra durante el curso de 1886 à 1887 / (Record no. 156031)

MARC details
000 -LEADER
campo de control de longitud fija 00829nam a22001815i 4500
001 - NÚMERO DE CONTROL
campo de control 156031
003 - IDENTIFICADOR DE NÚMERO DE CONTROL
campo de control ES-MaACL
005 - FECHA Y HORA DE LA ÚLTIMA TRANSACCIÓN
campo de control 20230906210310.0
008 - DATOS DE LONGITUD FIJA--INFORMACIÓN GENERAL
campo de control de longitud fija 970407s1888 sp |||| | spa d
040 ## - FUENTE DE CATALOGACIÓN
Centro catalogador/agencia de origen CLM
Lengua de catalogación spa
Centro/agencia transcriptor CCPB | SIC
110 2# - ENTRADA PRINCIPAL--NOMBRE DE ENTIDAD CORPORATIVA
Nombre de entidad corporativa o nombre de jurisdicción como elemento de entrada Instituto Provincial de Segunda Enseñanza de Navarra.
9 (RLIN) 5223
245 10 - MENCIÓN DEL TÍTULO
Título Memoria sobre el estado del Instituto Provincial de 2ª. Enseñanza de Navarra durante el curso de 1886 à 1887 /
Mención de responsabilidad, etc. por Victor Sainz de Robles.
260 ## - PUBLICACIÓN, DISTRIBUCIÓN, ETC.
Lugar de publicación, distribución, etc. Pamplona :
Nombre del editor, distribuidor, etc. [s.n.],
Fecha de publicación, distribución, etc. 1888 (
Fabricante Imprenta Provincial à cargo de V. Cantera)
300 ## - DESCRIPCIÓN FÍSICA
Extensión 69 p. ;
Dimensiones 23 cm.
610 24 - PUNTO DE ACCESO ADICIONAL DE MATERIA--NOMBRE DE ENTIDAD CORPORATIVA
Nombre de entidad corporativa o nombre de jurisdicción como elemento de entrada Instituto Provincial de Segunda Enseñanza de Navarra-
Subdivisión de forma Memorias.
9 (RLIN) 134531
700 1# - ENTRADA AGREGADA--NOMBRE PERSONAL
Nombre de persona Sáinz de Robles, Víctor.
9 (RLIN) 132999
852 ## - LOCALIZACIÓN
Ubicación ES-MaACL
Número de control de estantería T-454-F-18
Nota libre -- Enc. hol., falto de la cub. original
-- -- Enc. en un vol. facticio
Holdings
Estatus retirado Estado de pérdida Estado de daño No para préstamo Colección Biblioteca de origen Biblioteca actual Ubicación en estantería Fecha de adquisición Total de préstamos Signatura topográfica completa Código de barras Visto por última vez Precio de reemplazo Tipo de ítem Koha
        Colección de folletos Biblioteca del Ateneo de Madrid Biblioteca del Ateneo de Madrid Depósito folletos 17/01/2008   T-454-F-18 1163234 23/02/2023 23/02/2023 Folleto